[Event "2nd GMA World Cup prel  #3"]
[Site "Palma de Mallorca"]
[Date "1989.??.??"]
[Round "7"]
[White "Van der Wiel, John"]
[Black "Lein, Anatoly"]
[Result "1/2-1/2"]
[WhiteElo "2545"]
[BlackElo "2490"]
[EventDate "1989.12.??"]
[PlyCount "31"]

1.e4 c6 2.d4 d5 3.Nd2 g6 4.c3 Bg7 5.Ngf3 dxe4 6.Nxe4 Nf6 7.Nxf6+ exf6 8.
Bf4 O-O 9.Be2 Na6 10.Bxa6 bxa6 11.O-O Re8 12.Re1 Be6 13.Qd3 Qb6 14.b3 Red8
15.Rad1 a5 16.c4 1/2-1/2

[Event "2nd GMA World Cup prel  #3"]
[Site "Palma de Mallorca"]
[Date "1989.??.??"]
[Round "7"]
[White "Olafsson, Helgi"]
[Black "Gligoric, Svetozar"]
[Result "1-0"]
[WhiteElo "2545"]
[BlackElo "2485"]
[EventDate "1989.12.??"]
[PlyCount "57"]

1.c4 c5 2.Nf3 Nf6 3.Nc3 Nc6 4.d4 cxd4 5.Nxd4 e6 6.g3 Qb6 7.Ndb5 d5 8.Bg2 
d4 9.Na4 Qa5+ 10.Bd2 Qd8 11.e3 e5 12.exd4 exd4 13.O-O Bg4 14.Qe1+ Be7 15.
Bxc6+ bxc6 16.Ba5 cxb5 17.Bxd8 Rxd8 18.cxb5 h5 19.Qe5 Kf8 20.f3 Be6 21.Nc5
Bd5 22.Qc7 Ne8 23.Qxa7 h4 24.Rfe1 Bg5 25.f4 Bf6 26.Nd7+ Kg8 27.Rxe8+ Rxe8 
28.Nxf6+ gxf6 29.Qd7 1-0

[Event "2nd GMA World Cup prel  #3"]
[Site "Palma de Mallorca"]
[Date "1989.??.??"]
[Round "7"]
[White "Petrosian, Arshak"]
[Black "Schussler, Harry"]
[Result "1/2-1/2"]
[WhiteElo "2490"]
[BlackElo "2540"]
[EventDate "1989.12.??"]
[PlyCount "33"]

1.d4 Nf6 2.c4 e6 3.Nf3 b6 4.e3 Bb7 5.Bd3 d5 6.O-O Be7 7.b3 O-O 8.Bb2 c5 9.
Nbd2 cxd4 10.exd4 Nc6 11.Qe2 Rc8 12.Rad1 Re8 13.Rfe1 Bf8 14.Qe3 Qc7 15.Bb1
g6 16.Rc1 Bg7 17.h3 1/2-1/2

[Event "2nd GMA World Cup prel  #3"]
[Site "Palma de Mallorca"]
[Date "1989.??.??"]
[Round "7"]
[White "Lau, Ralf"]
[Black "Vaiser, Anatoly"]
[Result "1-0"]
[WhiteElo "2470"]
[BlackElo "2555"]
[EventDate "1989.12.??"]
[PlyCount "73"]

1.e4 c5 2.Nf3 Nc6 3.d4 cxd4 4.Nxd4 Nf6 5.Nc3 e5 6.Ndb5 d6 7.a4 a6 8.Na3 
Be7 9.Bc4 O-O 10.O-O h6 11.Re1 Nb4 12.b3 b6 13.Bb2 Bb7 14.Qe2 Qc7 15.Rad1 
Rfe8 16.Rd2 Rad8 17.Qd1 Qc8 18.Bf1 d5 19.exd5 Nbxd5 20.Nxd5 Rxd5 21.Rxd5 
Nxd5 22.Rxe5 Rd8 23.Qa1 Bf6 24.Re1 Nf4 25.Bxf6 Bxg2 26.Qc3 Qa8 27.f3 gxf6 
28.Bxg2 Qd5 29.Bf1 Qg5+ 30.Kh1 Kh8 31.Qe3 Qh4 32.Nc4 Rg8 33.Nd6 Nd5 34.
Nxf7+ Kg7 35.Qxh6+ Qxh6 36.Nxh6 Kxh6 37.Bc4 1-0

[Event "2nd GMA World Cup prel  #3"]
[Site "Palma de Mallorca"]
[Date "1989.??.??"]
[Round "7"]
[White "Zapata, Alonso"]
[Black "Hodgson, Julian Michael"]
[Result "1/2-1/2"]
[WhiteElo "2490"]
[BlackElo "2535"]
[EventDate "1989.12.??"]
[PlyCount "115"]

1.e4 c6 2.d4 d5 3.Nc3 dxe4 4.Nxe4 Nf6 5.Nxf6+ exf6 6.c3 Bd6 7.Bd3 Be6 8.
Ne2 Qc7 9.Ng3 O-O 10.O-O Nd7 11.f4 Rfe8 12.f5 Bd5 13.Nh5 g6 14.Qg4 Kh8 15.
Bh6 Bf8 16.Bxf8 Rxf8 17.Nf4 g5 18.Nh5 b5 19.Rfe1 Rae8 20.h4 Rxe1+ 21.Rxe1 
Rg8 22.Re7 h6 23.Qe2 gxh4 24.Re8 Qd6 25.Qe3 Kh7 26.Rxg8 Kxg8 27.Qxh6 Qf8 
28.Qxf8+ Kxf8 29.b3 Nb6 30.Nxf6 a5 31.Ng4 a4 32.Bc2 Ke7 33.Kh2 f6 34.Kh3 
Bxb3 35.Bxb3 axb3 36.axb3 Nd5 37.c4 Nf4+ 38.Kxh4 Nxg2+ 39.Kg3 Ne1 40.Ne3 
Nd3 41.Kf3 Nc1 42.cxb5 Nxb3 43.Ke4 cxb5 44.Nd5+ Kf7 45.Kd3 Na5 46.Kc3 Nc6 
47.Ne3 b4+ 48.Kd3 Na5 49.Nc4 Nc6 50.d5 Nb8 51.Kd4 Na6 52.d6 Ke8 53.Nd2 Kd7
54.Kd5 b3 55.Nxb3 Nb4+ 56.Kc5 Na6+ 57.Kd5 Nb4+ 58.Kc5 1/2-1/2

[Event "2nd GMA World Cup prel  #3"]
[Site "Palma de Mallorca"]
[Date "1989.??.??"]
[Round "7"]
[White "Gruenfeld, Yehuda"]
[Black "Knaak, Rainer"]
[Result "0-1"]
[WhiteElo "2530"]
[BlackElo "2485"]
[EventDate "1989.12.??"]
[PlyCount "136"]

1.e4 e6 2.d4 d5 3.Nd2 c5 4.Ngf3 Nf6 5.exd5 exd5 6.Be2 Bd6 7.dxc5 Bxc5 8.
O-O O-O 9.Nb3 Bb6 10.Nfd4 Nc6 11.c3 Ne5 12.Bf4 Ng6 13.Be3 Bc7 14.Re1 Re8 
15.Bf3 Nh4 16.Qd3 Qd6 17.g3 Bf5 18.Qb5 a6 19.Qc5 Nxf3+ 20.Nxf3 Qd7 21.Qd4 
Bg4 22.Nh4 Be5 23.Qd3 Ne4 24.Bd4 Bxd4 25.Nxd4 g5 26.Ng2 Bh5 27.f3 Nc5 28.
Qd2 h6 29.Ne3 Bg6 30.Ng4 Kg7 31.Re3 Rxe3 32.Nxe3 h5 33.Re1 Nd3 34.Nef5+ 
Bxf5 35.Re7 Qc8 36.Qxg5+ Bg6 37.Ne6+ Qxe6 38.Rxe6 fxe6 39.Qe7+ Bf7 40.Qxb7
Rf8 41.b4 e5 42.Qxa6 e4 43.Qa7 Re8 44.Qe3 Bg6 45.f4 Bf5 46.b5 Kg6 47.b6 
Re7 48.a4 Bc8 49.a5 Ba6 50.h3 Kf5 51.Kh2 Rh7 52.Qd4 Ke6 53.Qa4 Kd6 54.Qe8 
Re7 55.Qd8+ Rd7 56.Qf6+ Kc5 57.Qe6 Rg7 58.f5 Ne1 59.f6 Nf3+ 60.Kg2 Ne1+ 
61.Kg1 Rxg3+ 62.Kf2 h4 63.Qe7+ Kc4 64.Kxe1 Kb3 65.Qc5 e3 66.c4 Bxc4 67.
Qxc4+ Kxc4 68.Ke2 d4 0-1

[Event "2nd GMA World Cup prel  #3"]
[Site "Palma de Mallorca"]
[Date "1989.??.??"]
[Round "7"]
[White "Barbero, Gerardo"]
[Black "Balashov, Yury"]
[Result "0-1"]
[WhiteElo "2475"]
[BlackElo "2535"]
[EventDate "1989.12.??"]
[PlyCount "72"]

1.Nf3 d5 2.d4 Nf6 3.c4 dxc4 4.e3 g6 5.Bxc4 Bg7 6.O-O O-O 7.Nc3 Nc6 8.h3 
Nd7 9.a3 Na5 10.Ba2 c5 11.Qe2 b6 12.Rd1 Bb7 13.dxc5 bxc5 14.Ng5 c4 15.Bxc4
Nxc4 16.Qxc4 Rc8 17.Qg4 e6 18.e4 Qe7 19.Bf4 h6 20.Nf3 Rfd8 21.Bd6 Qe8 22.
Qg3 Nc5 23.e5 Na4 24.Nxa4 Qxa4 25.Nd4 Bd5 26.b3 Qa6 27.Rd2 Qb7 28.b4 Rc4 
29.Rad1 Rdc8 30.Bc5 a5 31.Rc2 R8xc5 32.bxc5 Rxd4 33.Re1 Bc6 34.Qc3 Qd7 35.
Qxa5 Qd5 36.f3 Bxe5 0-1

[Event "2nd GMA World Cup prel  #3"]
[Site "Palma de Mallorca"]
[Date "1989.??.??"]
[Round "7"]
[White "Velimirovic, Dragoljub"]
[Black "Mikhalchishin, Adrian"]
[Result "1-0"]
[WhiteElo "2535"]
[BlackElo "2475"]
[EventDate "1989.12.??"]
[PlyCount "61"]

1.e4 e5 2.Nf3 Nf6 3.Nxe5 d6 4.Nf3 Nxe4 5.d3 Nf6 6.d4 Be7 7.c4 d5 8.Nc3 O-O
9.Be3 Nc6 10.h3 Bb4 11.Qc2 Qe7 12.O-O-O Bxc3 13.bxc3 Be6 14.c5 b6 15.Bd3 
Rab8 16.Rhe1 h6 17.Qa4 Na5 18.Ne5 Ne4 19.Kc2 Bf5 20.g4 Bh7 21.Nd7 bxc5 22.
Nxf8 Rxf8 23.dxc5 Nc4 24.Bd4 Ne5 25.Bxe5 Qxe5 26.Qd4 Qh2 27.Qxd5 Nf6 28.
Bxh7+ Kxh7 29.Qf3 Rb8 30.Re7 Kg8 31.Rh1 1-0

[Event "2nd GMA World Cup prel  #3"]
[Site "Palma de Mallorca"]
[Date "1989.??.??"]
[Round "7"]
[White "Kochiev, Alexander"]
[Black "Hansen, Curt"]
[Result "1/2-1/2"]
[WhiteElo "2475"]
[BlackElo "2525"]
[EventDate "1989.12.??"]
[PlyCount "29"]

1.d4 Nf6 2.Nf3 e6 3.g3 b5 4.Bg2 Bb7 5.c3 c5 6.Bg5 Na6 7.Bxf6 Qxf6 8.O-O 
Qd8 9.Qd3 Rb8 10.Nbd2 Be7 11.Qxb5 Bc8 12.Qd3 Rxb2 13.Nc4 Rb8 14.d5 exd5 
15.Ne3 1/2-1/2

[Event "2nd GMA World Cup prel  #3"]
[Site "Palma de Mallorca"]
[Date "1989.??.??"]
[Round "7"]
[White "Murey, Jacob"]
[Black "Palatnik, Semon"]
[Result "0-1"]
[WhiteElo "2535"]
[BlackElo "2460"]
[EventDate "1989.12.??"]
[PlyCount "100"]

1.e4 Nf6 2.e5 Nd5 3.d4 d6 4.c4 Nb6 5.f4 dxe5 6.fxe5 Nc6 7.Be3 Bf5 8.Nc3 e6
9.Nf3 Be7 10.d5 exd5 11.Bxb6 axb6 12.cxd5 Nb4 13.Nd4 Bg6 14.Bb5+ c6 15.
dxc6 O-O 16.cxb7 Rb8 17.Nc6 Nxc6 18.Bxc6 Qc7 19.Nd5 Bh4+ 20.g3 Qxc6 21.
gxh4 Qxb7 22.Qf3 Rfe8 23.O-O Rxe5 24.Nc3 Qe7 25.Qg3 Re8 26.Rf4 Bh5 27.Raf1
h6 28.Kh1 Re6 29.Qg2 Kh8 30.Qf2 Qb7+ 31.Qg2 Qe7 32.Qf2 Rd8 33.Rg1 f6 34.h3
Be8 35.Kh2 Qc7 36.Rg3 Bc6 37.Rd4 Rxd4 38.Qxd4 Re1 39.Nd5 Qd6 40.Qg4 g5 41.
Qh5 Bxd5 42.Qxh6+ Kg8 43.Qg6+ Kf8 44.Qh6+ Ke8 45.Qh8+ Kd7 46.Qh7+ Kd8 47.
Qh8+ Kc7 48.Qh7+ Kb8 49.Qh8+ Ka7 50.Qh7+ Bb7 0-1

[Event "2nd GMA World Cup prel  #3"]
[Site "Palma de Mallorca"]
[Date "1989.??.??"]
[Round "7"]
[White "Abramovic, Bosko"]
[Black "Ubilava, Elizbar"]
[Result "0-1"]
[WhiteElo "2465"]
[BlackElo "2525"]
[EventDate "1989.12.??"]
[PlyCount "138"]

1.e4 c5 2.d3 e6 3.g3 Nc6 4.Bg2 g6 5.f4 Bg7 6.Nf3 Nge7 7.O-O d6 8.c3 O-O 9.
Be3 b6 10.Bf2 Bd7 11.Na3 a6 12.Nc2 b5 13.d4 cxd4 14.Nfxd4 e5 15.Nxc6 Bxc6 
16.fxe5 dxe5 17.Nb4 Bb7 18.Qxd8 Rfxd8 19.Rfd1 Bf8 20.Nd3 Nc6 21.Nc5 Rxd1+ 
22.Rxd1 Bxc5 23.Bxc5 Rd8 24.Rxd8+ Nxd8 25.Be7 Ne6 26.Bf6 Nc5 27.Bxe5 Nd3 
28.Bf6 Nxb2 29.Kf2 Bc8 30.Kf3 Be6 31.a3 Nc4 32.Be7 f6 33.Ke2 Kf7 34.Bc5 
Bd7 35.Kd3 Bc6 36.Bh3 Ne5+ 37.Ke3 Bb7 38.Bb4 h5 39.Kd4 Nf3+ 40.Kc5 Nxh2 
41.Kb6 Bxe4 42.Bc8 Nf1 43.Bxa6 Nxg3 44.Bxb5 h4 45.Bd6 g5 46.c4 f5 47.c5 f4
48.c6 h3 49.c7 Bf5 50.Bc6 Bc8 51.a4 Nf5 52.Bc5 Ne3 53.Ka7 g4 54.Kb8 Bf5 
55.Bd6 f3 56.Bg3 Nf1 57.Bd5+ Kf6 58.Bf4 h2 59.Bxh2 Nxh2 60.a5 g3 61.a6 g2 
62.a7 g1=Q 63.a8=Q f2 64.Qa6+ Kg5 65.Bc4 Qg3 66.Qb5 Nf3 67.Kb7 Ne5 68.Qc5 
Nxc4 69.c8=Q Ne3 0-1

[Event "2nd GMA World Cup prel  #3"]
[Site "Palma de Mallorca"]
[Date "1989.??.??"]
[Round "7"]
[White "Klinger, Josef"]
[Black "Romanishin, Oleg"]
[Result "1/2-1/2"]
[WhiteElo "2475"]
[BlackElo "2515"]
[EventDate "1989.12.??"]
[PlyCount "124"]

1.d4 Nf6 2.Nf3 e6 3.Bg5 h6 4.Bxf6 Qxf6 5.e4 g6 6.Nc3 Bg7 7.Qd2 d6 8.O-O-O 
Qe7 9.e5 d5 10.h4 Bd7 11.Kb1 Nc6 12.Be2 O-O-O 13.Na4 b6 14.a3 Nb8 15.Nc3 
Kb7 16.Rhe1 Rc8 17.Bf1 a6 18.g3 Rhd8 19.Qf4 Be8 20.Bg2 Ka7 21.Na2 c5 22.
dxc5 Rxc5 23.Nd4 Rdc8 24.Nc1 Nc6 25.Ncb3 Nxd4 26.Nxd4 R5c7 27.Bf1 b5 28.
Qe3 Qc5 29.h5 g5 30.f4 gxf4 31.gxf4 Bd7 32.c3 Qb6 33.f5 Bf8 34.fxe6 Bxe6 
35.Nxe6 fxe6 36.Bh3 Re8 37.Qd3 Rd7 38.Rf1 Be7 39.Rf3 Rf8 40.Rxf8 Bxf8 41.
Qf3 Be7 42.Qf4 Bg5 43.Qf8 Re7 44.Qg8 Qb8 45.Bxe6 Qxg8 46.Bxg8 Rxe5 47.Bxd5
Bh4 48.Rd4 Bf2 49.Rd2 Be3 50.Rd3 Rxh5 51.Rxe3 Rxd5 52.Re7+ Kb6 53.Re6+ Kb7
54.Rxh6 Rd2 55.Ka2 Rg2 56.a4 Rg4 57.axb5 axb5 58.Rd6 Kc7 59.Rd4 Rg2 60.Ka3
Kc6 61.b3 Rg6 62.Kb4 Kb6 1/2-1/2

[Event "2nd GMA World Cup prel  #3"]
[Site "Palma de Mallorca"]
[Date "1989.??.??"]
[Round "7"]
[White "Lerner, Konstantin"]
[Black "Ree, Hans"]
[Result "1/2-1/2"]
[WhiteElo "2530"]
[BlackElo "2460"]
[EventDate "1989.12.??"]
[PlyCount "104"]

1.d4 e6 2.c4 Nf6 3.Nc3 d5 4.cxd5 exd5 5.Bg5 c6 6.e3 Bf5 7.Qf3 Bg6 8.Bxf6 
Qxf6 9.Qxf6 gxf6 10.O-O-O Nd7 11.Bd3 O-O-O 12.Nf3 Nb6 13.g4 h5 14.g5 Bxd3 
15.Rxd3 Be7 16.gxf6 Bxf6 17.Rdd1 Rhg8 18.Rhg1 Nc4 19.Rg3 h4 20.Rxg8 Rxg8 
21.Rg1 Rxg1+ 22.Nxg1 Kd7 23.h3 Ke6 24.Kc2 Nd6 25.Kd3 Bd8 26.Nf3 Kf5 27.Ke2
Ne4 28.b3 Nd6 29.Ne5 Bf6 30.Nd3 Bd8 31.Na4 Be7 32.Nac5 b6 33.Na6 Ne4 34.
Nab4 Bxb4 35.Nxb4 a5 36.Nxc6 Nc3+ 37.Kd2 Nxa2 38.Ne5 b5 39.Nf3 a4 40.bxa4 
bxa4 41.Nxh4+ Kf6 42.Nf3 a3 43.Ne5 Nb4 44.Kc3 a2 45.Kb2 Kf5 46.f3 Nc2 47.
Kxa2 Nxe3 48.Kb3 Kf4 49.Kb4 f6 50.Ng4 Nf5 51.Kc5 Kxf3 52.Kxd5 Kg3 1/2-1/2

[Event "2nd GMA World Cup prel  #3"]
[Site "Palma de Mallorca"]
[Date "1989.??.??"]
[Round "7"]
[White "Smagin, Sergei"]
[Black "Hernandez Onna, Roman"]
[Result "1-0"]
[WhiteElo "2535"]
[BlackElo "2450"]
[EventDate "1989.12.??"]
[PlyCount "77"]

1.e4 c5 2.Nf3 Nc6 3.c3 e6 4.d4 d5 5.exd5 exd5 6.Bb5 Bd6 7.dxc5 Bxc5 8.O-O 
Nf6 9.Bg5 Be6 10.Nd4 O-O 11.Nxc6 bxc6 12.Bxc6 Rc8 13.Ba4 h6 14.Bh4 d4 15.
Bb3 Bg4 16.Qd3 Bb6 17.h3 Be6 18.Bxe6 fxe6 19.c4 Qc7 20.Bxf6 Rxf6 21.Nd2 
Qf4 22.g3 Qf5 23.Qxf5 exf5 24.b4 f4 25.Rfe1 fxg3 26.fxg3 d3+ 27.c5 Bc7 28.
Re3 Rd8 29.Kg2 Rg6 30.Nf1 Rd4 31.a3 Bf4 32.Rf3 Bg5 33.Rd1 d2 34.h4 Bxh4 
35.Rxd2 Rc4 36.Ne3 Rc1 37.Rc2 Rxc2+ 38.Nxc2 Be7 39.Nd4 1-0

[Event "2nd GMA World Cup prel  #3"]
[Site "Palma de Mallorca"]
[Date "1989.??.??"]
[Round "7"]
[White "Vasiukov, Evgeny"]
[Black "Magerramov, Elmar"]
[Result "0-1"]
[WhiteElo "2515"]
[BlackElo "2470"]
[EventDate "1989.12.??"]
[PlyCount "82"]

1.e4 c5 2.Nf3 d6 3.Nc3 Nc6 4.d4 cxd4 5.Nxd4 e6 6.g4 Bd7 7.Be3 Nge7 8.g5 a6
9.h4 b5 10.a3 Nxd4 11.Qxd4 Nc6 12.Qd2 Be7 13.f4 Qc7 14.h5 Rb8 15.Bg2 b4 
16.axb4 Nxb4 17.O-O O-O 18.f5 exf5 19.exf5 Rfe8 20.f6 Bf8 21.Bd4 g6 22.
hxg6 hxg6 23.Rf4 d5 24.Qf2 Re5 25.Bxe5 Qxe5 26.Qh4 Nxc2 27.Bxd5 Bc5+ 28.
Kh1 Bc6 29.Bxc6 Nxa1 30.Bd5 Rxb2 31.Bxf7+ Kxf7 32.Qh7+ Ke6 33.Re4 Rb1+ 34.
Kg2 Rg1+ 35.Kf3 Rg3+ 36.Ke2 Re3+ 37.Kd1 Rxe4 38.Qg8+ Kf5 39.Qc8+ Kf4 40.
Nxe4 Kxe4 41.Qg4+ Kd3 0-1

[Event "2nd GMA World Cup prel  #3"]
[Site "Palma de Mallorca"]
[Date "1989.??.??"]
[Round "7"]
[White "Conquest, Stuart"]
[Black "Byrne, Robert"]
[Result "1/2-1/2"]
[WhiteElo "2515"]
[BlackElo "2465"]
[EventDate "1989.12.??"]
[PlyCount "81"]

1.d4 Nf6 2.c4 g6 3.Nc3 Bg7 4.e4 d6 5.f4 O-O 6.Nf3 c5 7.dxc5 Qa5 8.Bd3 Nfd7
9.O-O Nxc5 10.Nd5 Nc6 11.f5 Qd8 12.Bg5 Bxb2 13.Rb1 Bf6 14.Bxf6 exf6 15.Bc2
b6 16.Qd2 Kg7 17.g4 h6 18.h4 Ne5 19.g5 fxg5 20.f6+ Kh8 21.Nxg5 Re8 22.Nf3 
Kh7 23.Nxe5 Rxe5 24.Rf4 Bb7 25.Ne7 Bxe4 26.Bxe4 Nxe4 27.Qg2 Nc5 28.Nc6 Qe8
29.Nxe5 dxe5 30.Rff1 Rd8 31.h5 g5 32.Rbd1 Rd4 33.Rfe1 Qd8 34.Qf3 e4 35.
Qf5+ Kg8 36.Kg2 Rxd1 37.Rxd1 Qxd1 38.Qc8+ Kh7 39.Qf5+ Kg8 40.Qc8+ Kh7 41.
Qf5+ 1/2-1/2

[Event "2nd GMA World Cup prel  #3"]
[Site "Palma de Mallorca"]
[Date "1989.??.??"]
[Round "7"]
[White "Geller, Efim"]
[Black "Naumkin, Igor"]
[Result "0-1"]
[WhiteElo "2505"]
[BlackElo "2470"]
[EventDate "1989.12.??"]
[PlyCount "52"]

1.e4 e6 2.d4 d5 3.Nd2 c5 4.exd5 Qxd5 5.Ngf3 cxd4 6.Bc4 Qd6 7.O-O Nf6 8.Nb3
Nc6 9.Nbxd4 Nxd4 10.Nxd4 Bd7 11.b3 O-O-O 12.Bb2 Qc7 13.Qe2 h5 14.a4 Ng4 
15.g3 a6 16.Nb5 axb5 17.axb5 Kb8 18.Ra4 Bc5 19.b4 Bb6 20.Bd3 Bc8 21.c4 Qd6
22.c5 Qxd3 23.Be5+ Bc7 24.Qa2 Bxe5 25.b6 Qa6 26.Rxa6 bxa6 0-1

[Event "2nd GMA World Cup prel  #3"]
[Site "Palma de Mallorca"]
[Date "1989.??.??"]
[Round "7"]
[White "Klaric, Zlatko"]
[Black "Dlugy, Maxim"]
[Result "1-0"]
[WhiteElo "2445"]
[BlackElo "2530"]
[EventDate "1989.12.??"]
[PlyCount "63"]

1.d4 Nc6 2.d5 Ne5 3.e4 e6 4.f4 Ng6 5.dxe6 dxe6 6.Bd3 Bc5 7.Nf3 Nf6 8.Qe2 
O-O 9.g3 e5 10.f5 Ne7 11.Bg5 Ng4 12.Rf1 h6 13.Bd2 Nc6 14.h3 Nf6 15.g4 Nd4 
16.Nxd4 exd4 17.g5 hxg5 18.Bxg5 Bd6 19.Nd2 Bg3+ 20.Kd1 Be5 21.Nf3 Re8 22.
Rg1 Kf8 23.Nxe5 Rxe5 24.Qh2 Qe7 25.Qg2 c5 26.Bh4 g6 27.fxg6 Rh5 28.gxf7 
Qxf7 29.Bxf6 Bxh3 30.Qg7+ Qxg7 31.Bxg7+ Ke7 32.Kd2 1-0

[Event "2nd GMA World Cup prel  #3"]
[Site "Palma de Mallorca"]
[Date "1989.??.??"]
[Round "7"]
[White "Kindermann, Stefan"]
[Black "Gomez Esteban, Juan Mario"]
[Result "1/2-1/2"]
[WhiteElo "2530"]
[BlackElo "2440"]
[EventDate "1989.12.??"]
[PlyCount "71"]

1.e4 c5 2.Nf3 Nc6 3.d4 cxd4 4.Nxd4 Nf6 5.Nc3 d6 6.Bc4 Qb6 7.Nb3 e6 8.O-O 
Be7 9.Bg5 O-O 10.Bxf6 Bxf6 11.Qxd6 Rd8 12.Qg3 Be5 13.Qh3 Bd7 14.Kh1 Nb4 
15.f4 Bxc3 16.Qxc3 Rdc8 17.Nd2 Qc5 18.a3 Nxc2 19.Qxc2 b5 20.b3 bxc4 21.
Nxc4 Bb5 22.Rfc1 Bxc4 23.bxc4 Rab8 24.f5 h6 25.fxe6 fxe6 26.h3 Rc6 27.Qd3 
Rb2 28.Rf1 Rd6 29.Qf3 Rdd2 30.Rab1 Rxg2 31.Rxb2 Rxb2 32.Qf7+ Kh7 33.Qxe6 
Qxa3 34.Qf5+ Kg8 35.Qf7+ Kh7 36.Qf5+ 1/2-1/2

[Event "2nd GMA World Cup prel  #3"]
[Site "Palma de Mallorca"]
[Date "1989.??.??"]
[Round "7"]
[White "Kupreichik, Viktor"]
[Black "Radulov, Ivan"]
[Result "1-0"]
[WhiteElo "2520"]
[BlackElo "2450"]
[EventDate "1989.12.??"]
[PlyCount "63"]

1.e4 e5 2.Nf3 Nc6 3.Bb5 g6 4.d4 exd4 5.Bg5 Be7 6.h4 Nf6 7.e5 Ne4 8.Bxe7 
Qxe7 9.Bxc6 dxc6 10.Qxd4 Bf5 11.O-O O-O 12.g4 Rad8 13.Qe3 Bxg4 14.Qxe4 
Bxf3 15.Qxf3 Qxh4 16.Nc3 Rd4 17.Rfe1 Rg4+ 18.Kf1 Qg5 19.Ne2 h5 20.Ng3 h4 
21.Re4 Rxe4 22.Nxe4 Qxe5 23.Re1 Qxb2 24.Nf6+ Kg7 25.Ne8+ Kg8 26.Kg2 Qd4 
27.Re7 h3+ 28.Kxh3 f5 29.Rg7+ Qxg7 30.Nxg7 Kxg7 31.Qe3 f4 32.Qxa7 1-0

[Event "2nd GMA World Cup prel  #3"]
[Site "Palma de Mallorca"]
[Date "1989.??.??"]
[Round "7"]
[White "Yakovich, Yury"]
[Black "Renet, Olivier"]
[Result "1/2-1/2"]
[WhiteElo "2450"]
[BlackElo "2515"]
[EventDate "1989.12.??"]
[PlyCount "120"]

1.d4 Nf6 2.c4 e6 3.Nc3 Bb4 4.f3 d5 5.a3 Bd6 6.Bg5 Be7 7.e3 Nbd7 8.Bd3 c5 
9.Nge2 O-O 10.O-O cxd4 11.Nxd4 Nb6 12.cxd5 Nfxd5 13.Bxe7 Qxe7 14.Nxd5 Nxd5
15.Nc2 Bd7 16.Qd2 Rfd8 17.Rac1 Ba4 18.Qf2 Rd6 19.Rfe1 Rad8 20.Bf1 a6 21.
Qg3 e5 22.Qg4 Bd7 23.Qg3 Ba4 24.Qg4 Bb3 25.Na1 Nf6 26.Qb4 Bd5 27.e4 Be6 
28.Nc2 Nh5 29.Ne3 b5 30.Red1 Kf8 31.Rxd6 Rxd6 32.Qc3 f6 33.Nf5 Bxf5 34.
exf5 Nf4 35.Qc8+ Qd8 36.Qb7 Qb6+ 37.Qxb6 Rxb6 38.Rc8+ Ke7 39.Rc7+ Kf8 40.
g3 Nd5 41.Rd7 Ne7 42.g4 Ke8 43.Ra7 h5 44.h3 Kd8 45.Bd3 Rd6 46.Be4 hxg4 47.
hxg4 Rd1+ 48.Kf2 Rd2+ 49.Ke3 Rxb2 50.Rxa6 Rb3+ 51.Kd2 Kc7 52.Kc2 Re3 53.
Kd2 Rb3 54.Kc2 Re3 55.Ra7+ Kd6 56.Ra5 Kc7 57.Kd2 Rb3 58.Kc2 Re3 59.Kd2 Rb3
60.Kc2 Re3 1/2-1/2

[Event "2nd GMA World Cup prel  #3"]
[Site "Palma de Mallorca"]
[Date "1989.??.??"]
[Round "7"]
[White "Kozul, Zdenko"]
[Black "Mellado Trivino, Juan"]
[Result "1-0"]
[WhiteElo "2560"]
[BlackElo "2400"]
[EventDate "1989.12.??"]
[PlyCount "65"]

1.d4 d5 2.c4 e6 3.Nf3 Nf6 4.g3 c6 5.Bg2 Nbd7 6.Nbd2 Be7 7.O-O O-O 8.Qc2 b6
9.e4 dxe4 10.Nxe4 Bb7 11.Rd1 Qc8 12.Nc3 Qc7 13.Ng5 Rad8 14.Bf4 Bd6 15.Bxd6
Qxd6 16.c5 Qc7 17.Nge4 h6 18.Rac1 Nd5 19.Nd6 bxc5 20.dxc5 Rb8 21.Nxd5 exd5
22.b4 Ba6 23.Qa4 Bb5 24.Nxb5 Rxb5 25.Rxd5 Rfb8 26.Rd4 Ne5 27.a3 a5 28.Re1 
g5 29.Qc2 axb4 30.axb4 g4 31.Qf5 Re8 32.Rxg4+ Kf8 33.Rge4 1-0

[Event "2nd GMA World Cup prel  #3"]
[Site "Palma de Mallorca"]
[Date "1989.??.??"]
[Round "7"]
[White "Panchenko, Alexander"]
[Black "Barlov, Dragan"]
[Result "1-0"]
[WhiteElo "2430"]
[BlackElo "2520"]
[EventDate "1989.12.??"]
[PlyCount "78"]

1.Nf3 Nf6 2.c4 g6 3.g3 Bg7 4.Bg2 O-O 5.O-O d6 6.d4 c6 7.Nc3 Qa5 8.e4 Bg4 
9.h3 Bxf3 10.Bxf3 Nfd7 11.Be3 Qb4 12.Qd3 Qxb2 13.Rab1 Qa3 14.Rxb7 Nb6 15.
c5 dxc5 16.dxc5 N6d7 17.Rb3 Qa5 18.Be2 Nxc5 19.Bxc5 Qxc5 20.Rd1 Qa5 21.Kg2
c5 22.Nd5 e6 23.Ne7+ Kh8 24.e5 a6 25.Rdb1 c4 26.Qxc4 Nd7 27.Nc6 Qxa2 28.
R1b2 Qa1 29.Qd4 Nxe5 30.Nxe5 Qa5 31.f4 Rad8 32.Qe4 Bxe5 33.Qxe5+ Qxe5 34.
fxe5 Rd5 35.Re3 a5 36.Rb7 Kg7 37.Bc4 Rd2+ 38.Kf3 Kh6 39.Ra7 Rc8 1-0

[Event "2nd GMA World Cup prel  #3"]
[Site "Palma de Mallorca"]
[Date "1989.??.??"]
[Round "7"]
[White "Savon, Vladimir"]
[Black "Kholmov, Ratmir"]
[Result "1/2-1/2"]
[WhiteElo "2465"]
[BlackElo "2485"]
[EventDate "1989.12.??"]
[PlyCount "21"]

1.e4 e5 2.Nf3 Nc6 3.Nc3 Nf6 4.Bb5 Nd4 5.Nxd4 exd4 6.e5 dxc3 7.exf6 Qxf6 8.
dxc3 Qe5+ 9.Qe2 Qxe2+ 10.Bxe2 d5 11.Be3 1/2-1/2

[Event "2nd GMA World Cup prel  #3"]
[Site "Palma de Mallorca"]
[Date "1989.??.??"]
[Round "7"]
[White "Tseitlin, Mikhail"]
[Black "Rodriguez Cespedes, Amador"]
[Result "1/2-1/2"]
[WhiteElo "2445"]
[BlackElo "2505"]
[EventDate "1989.12.??"]
[PlyCount "95"]

1.e4 e5 2.Nc3 Nf6 3.g3 d5 4.exd5 Nxd5 5.Bg2 Nxc3 6.bxc3 Bd6 7.Ne2 O-O 8.d3
Nd7 9.O-O c6 10.Re1 Re8 11.h3 Nf8 12.a4 Be6 13.c4 Qd7 14.Kh2 h5 15.h4 Bg4 
16.Rb1 Ne6 17.f3 Bf5 18.Be3 Bc5 19.Qc1 Rad8 20.a5 Qc7 21.Bxc5 Nxc5 22.Qa3 
Ne6 23.Rb2 Qe7 24.Qxe7 Rxe7 25.f4 Nc5 26.Nc3 Rde8 27.Rxe5 Rxe5 28.fxe5 
Rxe5 29.d4 Re3 30.Nd1 Re1 31.dxc5 Rxd1 32.Rxb7 Rd2 33.Kg1 Rd1+ 34.Kf2 Rd2+
35.Kf1 Rxc2 36.Bxc6 Rxc4 37.Bd5 Rc1+ 38.Kf2 Be6 39.Bxe6 fxe6 40.Rc7 a6 41.
Ke3 Ra1 42.c6 Rxa5 43.Rd7 Rc5 44.c7 Kh7 45.Kd4 Rc6 46.Re7 a5 47.Rxe6 Rxc7 
48.Re5 1/2-1/2

[Event "2nd GMA World Cup prel  #3"]
[Site "Palma de Mallorca"]
[Date "1989.??.??"]
[Round "7"]
[White "Ermenkov, Evgeny"]
[Black "Mednis, Edmar"]
[Result "0-1"]
[WhiteElo "2500"]
[BlackElo "2430"]
[EventDate "1989.12.??"]
[PlyCount "66"]

1.e4 c5 2.Nf3 Nc6 3.d4 cxd4 4.Nxd4 Nf6 5.Nc3 d6 6.Bc4 e6 7.Be3 Be7 8.Bb3 
O-O 9.Qe2 a6 10.O-O-O Qc7 11.Rhg1 Nd7 12.g4 Nc5 13.g5 Bd7 14.f4 b5 15.f5 
b4 16.f6 bxc3 17.fxe7 cxb2+ 18.Kxb2 Nxe7 19.Qh5 Nxe4 20.Rd3 g6 21.Qh6 e5 
22.Rf1 d5 23.Bg1 Nd6 24.Rdf3 Rac8 25.h4 Bg4 26.h5 Bxf3 27.Rxf3 Qd7 28.hxg6
fxg6 29.Rxf8+ Rxf8 30.Ne2 Nc4+ 31.Bxc4 dxc4 32.Nc3 Qb7+ 33.Ka3 Rf3 0-1

[Event "2nd GMA World Cup prel  #3"]
[Site "Palma de Mallorca"]
[Date "1989.??.??"]
[Round "7"]
[White "Dizdarevic, Emir"]
[Black "Ghitescu, Theodor"]
[Result "1-0"]
[WhiteElo "2495"]
[BlackElo "2390"]
[EventDate "1989.12.??"]
[PlyCount "105"]

1.Nf3 Nf6 2.g3 g6 3.b3 Bg7 4.Bb2 d6 5.d4 c5 6.Bg2 cxd4 7.Nxd4 d5 8.c4 dxc4
9.bxc4 O-O 10.O-O Nbd7 11.Qb3 Qb6 12.Qa3 Nc5 13.Nc3 Bd7 14.Rab1 Rac8 15.
Ba1 Qa6 16.Qxa6 bxa6 17.Nd5 Rfe8 18.Rfc1 e5 19.Nb3 Nxd5 20.Nxc5 Rxc5 21.
Bxd5 Bc6 22.Rd1 e4 23.Bd4 Bxd4 24.Rxd4 Bxd5 25.cxd5 Rd8 26.Rxe4 Rcxd5 27.
Rb7 R5d7 28.Rxd7 Rxd7 29.Ra4 Rd6 30.g4 h6 31.h4 Kg7 32.Ra5 Re6 33.Kf1 Rb6 
34.Kg2 Rc6 35.f4 Rb6 36.Kf3 Rc6 37.e3 Rb6 38.h5 gxh5 39.gxh5 Kf6 40.e4 Kg7
41.Kg4 Kf8 42.Ra3 Ke7 43.Rc3 Kd7 44.Kf5 Kd8 45.e5 Kd7 46.Rd3+ Ke8 47.Rd6 
Ke7 48.a3 Ke8 49.Kf6 Kf8 50.f5 a5 51.Rxb6 axb6 52.a4 Ke8 53.e6 1-0

[Event "2nd GMA World Cup prel  #3"]
[Site "Palma de Mallorca"]
[Date "1989.??.??"]
[Round "7"]
[White "Cebalo, Miso"]
[Black "Pachman, Ludek"]
[Result "1/2-1/2"]
[WhiteElo "2485"]
[BlackElo "2380"]
[EventDate "1989.12.??"]
[PlyCount "76"]

1.Nf3 d5 2.d4 Nf6 3.c4 e6 4.Nc3 c5 5.cxd5 Nxd5 6.g3 Nc6 7.Bg2 cxd4 8.Nxd4 
Nxc3 9.bxc3 Nxd4 10.Qxd4 Qxd4 11.cxd4 Bd6 12.O-O Rb8 13.e4 b6 14.Be3 Bb7 
15.a4 Kd7 16.a5 bxa5 17.Rxa5 a6 18.Ra4 Ra8 19.d5 exd5 20.exd5 Rhb8 21.Re1 
Bc8 22.Bd2 g6 23.Ba5 h5 24.h4 Bb7 25.Bh3+ f5 26.Bg2 Rc8 27.Re6 Rc1+ 28.Kh2
Rd1 29.Rxg6 Bxd5 30.Rg5 Bxg2 31.Kxg2 f4 32.Rxh5 Rg8 33.Rg5 Rxg5 34.hxg5 
fxg3 35.f4 Ke6 36.Bb6 Kf5 37.Be3 Rd3 38.Rxa6 Rxe3 1/2-1/2